Dynamics of rural development in village India (Record no. 516137)

000 -LEADER
fixed length control field 00316nam a2200109 4500
082 ## - DEWEY DECIMAL CLASSIFICATION NUMBER
Classification number TNC B136x547 M687
100 ## - MAIN ENTRY--PERSONAL NAME
Personal name Mishra, G.P.
9 (RLIN) 22515
245 ## - TITLE STATEMENT
Title Dynamics of rural development in village India
260 ## - PUBLICATION, DISTRIBUTION, ETC. (IMPRINT)
Place of publication, distribution, etc New Delhi
Name of publisher, distributor, etc Ashiksh Publication house
Date of publication, distribution, etc 1982
300 ## - PHYSICAL DESCRIPTION
Extent 87p.
650 ## - SUBJECT ADDED ENTRY--TOPICAL TERM
Topical term or geographic name as entry element Dairy forms - India
9 (RLIN) 22516
Holdings
Withdrawn status Lost status Source of classification or shelving scheme Damaged status Koha normalized classification for sorting Not for loan Permanent location Current location Date acquired Full call number Barcode Date last seen Price effective from Koha item type
        TNC_B136X547_M687   Indian Institute of Public Administration Indian Institute of Public Administration 2021-02-17 TNC B136x547 M687 GR22873 2021-02-17 2021-02-17 GR

Powered by Koha